| 000 | 00632nam a2200217 i 4500 | ||
|---|---|---|---|
| 001 | bg | ||
| 100 | 1 | _aKOWALSKI, Tadeusz | |
| 245 | 1 | 0 |
_aZastosowanie dolomitów do uzdatniania wód / _cTadeusz Kowalski. |
| 260 |
_aWrocław : _bOficyna Wydawnicza Politechniki Wrocławskiej, _c1995. |
||
| 300 |
_a119 s. : _bwykr. ; _c24 cm. |
||
| 504 | _aBibliogr. s. 117-119. | ||
| 650 | 9 |
_aDolomit _xstosowanie _xtechnika |
|
| 650 | 9 |
_aWoda _xtechnologia _xmetody |
|
| 020 | _a8370851541 | ||
| 040 | _cBPK | ||
| 041 | 0 | _apl | |
| 080 | _a628.1/.3:552 | ||
| 920 | _a83-7085-154-1 | ||
| 942 | _cKS | ||
| 008 | s pl f |000 0 pol | ||
| 999 |
_c34186 _d34186 |
||
| 856 |
_uhttp://koha.tu.koszalin.pl/cgi-bin/koha/opac-detail.pl?biblionumber=34186 _yKatalog online BPK |
||